| 000 | 00769nam a2200241Ia 4500 | ||
|---|---|---|---|
| 003 | OSt | ||
| 005 | 20220923211253.0 | ||
| 006 | a|||||r|||| 00| 0 | ||
| 007 | ta | ||
| 008 | Pun | ||
| 020 |
_a9788178836553 (hbk) _c225 |
||
| 024 | _a246,760 | ||
| 037 |
_b7830/XII, 31/01/2011, Arsee Publishers _cTextual |
||
| 040 |
_aARTS _cARTS _bPun |
||
| 041 |
_2Pun _aPun |
||
| 082 | _aQ8441:33:g, 153Q0 | ||
| 100 | _aਖੜਗ, ਰਣਜੀਤ ਸਿੰਘ | ||
| 245 | 0 | _aਨਾਨਕ Fਾਇਰ ਇਵ ਕਹਿਆ | |
| 260 |
_aਲੁਧਿਆਣਾ _b ਚੇਤਨਾ _c2010 |
||
| 300 |
_a214ਪੰ _ccm. |
||
| 942 |
_hQ8441:33:g, 153Q0 _cTEXL _2CC |
||
| 999 |
_c298015 _d298015 |
||